Une action, plusieurs verbes - Statistiques

Statistiques générales
  • Ce quiz a été pris 46 fois
  • Le résultat moyen est 4 sur 15
Statistiques - réponses
Réponse % Correct
manger
100%
bouffer
57%
avaler
55%
graille
39%
engloutir
34%
dévorer
20%
becqueter
11%
gober
11%
bafrer
9%
ingurgiter
9%
se goinfrer
5%
se sustenter
5%
boustifailler
2%
s'empifrer
0%
s'enfiler
0%
Aucun quiz correspondant
Distribution des résultats
% des personnes avec chaque résultat
Percentile par nombre de réponses
Votre historique - résultats
Vous n’avez pas pris ce quiz